| 000 | 00369 a2200109 4500 | ||
|---|---|---|---|
| 001 | ART_35060 | ||
| 005 | 20260410162005.0 | ||
| 008 | 260409a | ||
| 245 | 1 | 0 | _aLa inviolabilidad de la pesona humana y el Código Civil y Comercial de la Nación |
| 100 | 1 | _aTanzi, Silvia Y. | |
| 773 | 0 |
_tTemas de derecho civil _g- Año 1, Nº 1 (oct. 2015) _wREV34778 |
|
| 999 |
_c31605 _d31605 |
||